000 01158nam0a22002411i 4500
001 rc\4100210
005 20260407141825.0
021 _aRU
_b[55-54658]
035 _a(NLR Aleph) 007974799
090 _a8482359
_c8482359
100 _a20130415d1955 |||y0rusy50 ca
101 0 _arus
102 _aRU
105 _ay d |||||
200 1 _aНародный комиссариат зерновых и животноводческих совхозов СССР (1932-1936 гг.)
_e(Из истории гос. учреждений СССР)
_eАвтореферат дис. на соискание учен. степени кандидата ист. наук
_fМоск. гос. ист.-архивный ин-т. Кафедра истории гос. учреждений и делопроизводства СССР
210 _aМосква
_d1955
215 _a16 с.
_d20
700 1 _aЦикулин
_bВ.А.
_gВасилий Андреевич
712 0 1 _aСССР
_bГлавное упр. мясосовхозов
_3RU\NLR\AUTH\8810010551
_9518764
801 0 _aRU
_bNLR
_gpsbo
801 1 _aRU
_bELAR
_2rusmarc
852 _aNLR
_jЭк50 Г-4/3366
942 _cBOOK